Art as Image and Idea. (Record no. 2067)
[ view plain ]
| 000 -LEADER | |
|---|---|
| fixed length control field | 00359nam a22001217a 4500 |
| 005 - DATE AND TIME OF LATEST TRANSACTION | |
| control field | 20200908144204.0 |
| 008 - FIXED-LENGTH DATA ELEMENTS--GENERAL INFORMATION | |
| fixed length control field | 200908b ||||| |||| 00| 0 eng d |
| 020 ## - INTERNATIONAL STANDARD BOOK NUMBER | |
| International Standard Book Number | 12935 |
| 040 ## - CATALOGING SOURCE | |
| Transcribing agency | CML |
| 245 ## - TITLE STATEMENT | |
| Title | Art as Image and Idea. |
| Statement of responsibility, etc. | Feldman, E.B. |
| 260 ## - PUBLICATION, DISTRIBUTION, ETC. | |
| Place of publication, distribution, etc. | New Jersey |
| Name of publisher, distributor, etc. | Prentice - Hall, Inc |
| Date of publication, distribution, etc. | 1967 |
| 942 ## - ADDED ENTRY ELEMENTS (KOHA) | |
| Source of classification or shelving scheme | Dewey Decimal Classification |
| Koha item type | Books |
| Edition | Edition |
| Classification part | 700 |
| Call number prefix | GEN REF |
| Call number suffix | FEL |
| Withdrawn status | Lost status | Source of classification or shelving scheme | Damaged status | Not for loan | Collection code | Home library | Current library | Shelving location | Date acquired | Total Checkouts | Full call number | Date last seen | Copy number | Price effective from | Koha item type |
|---|---|---|---|---|---|---|---|---|---|---|---|---|---|---|---|
| Dewey Decimal Classification | Technology (Applied Sciences) | Chalimbana Main Library | Chalimbana Main Library | The Arts Fine & Decorative Arts | 09/08/2020 | GEN REF 700 FEL | 09/08/2020 | 1 | 09/08/2020 | Books |